[Event "Milan Crespi op-A 28th"]
[Site "Milan"]
[Date "2007.12.07"]
[Round "3"]
[White "Abdelatief, Abdelhakiem"]
[Black "Bemporad, Filippo"]
[Result "0-1"]
[WhiteElo "1930"]
[BlackElo "2082"]
[PlyCount "116"]
[EventDate "2007.12.05"]
[EventType "swiss"]
[EventRounds "7"]
[EventCountry "ITA"]
[SourceTitle "EXT 2009"]
[Source "ChessBase"]
[SourceDate "2008.11.26"]
[SourceVersion "1"]
[SourceVersionDate "2008.11.26"]
[SourceQuality "1"]

1. d4 d5 2. c4 c6 3. e3 Nf6 4. Nc3 g6 5. Nf3 Bg7 6. Bd3 0-0 7. 0-0 dxc4 8. Bxc4 Nbd7 9. b3 c5 10. Bb2 b6 11. Qc2 Bb7 12. d5 Qc7 13. Nb5 Qb8 14. a4 Bxd5 15. Bxd5 Nxd5 16. Bxg7 Kxg7 17. Qb2+ Kg8 18. Rfd1 N7f6 19. Ne5 a6 20. Na3 Qc7 21. Rac1 Rfd8 22. h3 Rac8 23. Nac4 Nb4 24. Nd2 Rd5 25. Ndf3 Rcd8 26. Re1 Ne4 27. Ng4 f6 28. Nd4 Qd7 29. Qe2 cxd4 30. Qc4 a5 31. exd4 Nd2 32. Qc7 Qxc7 33. Rxc7 R5d7 34. Rxe7 Rxe7 35. Rxe7 Nd5 36. Nh6+ Kf8 37. Rf7+ Ke8 38. Rxh7 Nxb3 39. Rg7 g5 40. Nf5 Rd7 41. Rg8+ Kf7 42. Rb8 Nc1 43. Kf1 Na2 44. Ne3 Nac3 45. Nxd5 Nxd5 46. Ke1 Ke6 47. h4 gxh4 48. Rh8 Rc7 49. Rxh4 Rc4 50. Kd2 Rxa4 51. Kd3 b5 52. Re4+ Kd6 53. g4 Ra3+ 54. Kd2 Ra2+ 55. Ke1 b4 56. f4 b3 57. f5 b2 58. Re6+ Kd7 0-1